000 00812nam a2200265 a 4500
008
020 _a9780702030550 (paperback)
040 _aNUST
_cNUST
049 _aMAIN
090 _aRG525
_bYAT
100 1 _aYates, Suzanne.
245 1 0 _aPregnancy and Childbirth:
_ba holistic approach to massage and bodywork /
_cYates, Suzanne.
260 _aUnited Kingdom :
_bElsevier,
_c2010
300 _axiii, 433 pages :
_billustrations ;
_c25 cm
336 _atext
_btxt
_2rdacontent
337 _aunmediated
_bn
_2rdamedia
338 _avolume
_bnc
_2rdacarrier
500 _aIncludes index.
650 _aChildbirth.
650 1 _aPregnancy.
907 _a.b10409087
_b22-09-21
_c06-09-21
003
005 20230120204317.0
942 _cBOOKS
_kRG525
_mYAT
999 _c120942
_d120942